| 000 | 00368nam a22001337a 4500 | ||
|---|---|---|---|
| 020 | _a978-81-7739-266-1 | ||
| 082 |
_a510 _bAGG/M |
||
| 100 | _aM.L.AGGARWAL | ||
| 245 |
_aMATHEMATICS SAMPLE QUESTION PAPERS _bCLASS X TERM II |
||
| 260 |
_aDELHI _bAVICHAL PUBLISHING COMPANY _c2012 |
||
| 300 | _a344 | ||
| 650 |
_aMATHS SAMPLE QUESTION PAPERS FOR CLASS X _zINDIA |
||
| 942 | _cBK | ||
| 999 |
_c657 _d657 |
||